Kader Fc Zürich 2023/24 - Statistiken

Allgemein
  • Dieses Quiz wurde 56 mal gespielt
  • Das Durchschnittsergebnis liegt bei 11 aus 28
Antwortstatistiken
Position Person % Korrekt
Goalie Yanick Brecher
97%
Mittelfeld Antonio Marchesano
82%
Verteidiger Lindrit Kamberi
76%
Mittelfeld Bledian Krasniqi
63%
Verteidiger Nikola Katic
63%
Trainer Bo Henriksen
55%
Verteidiger Mirlind Kryeziu
53%
Verteidiger Adrian Guerrero
47%
Mittelfeld Cheick Conde
47%
Mittelfeld Fabian Rohner
47%
Goalie Zivko Kostadinovic
45%
Mittelfeld Ifeanyi Mathew
37%
Verteidiger Marc Hornschuh
37%
Stürmer Calixte Paul (Junior) Ligue
32%
Verteidiger Fabio Daprelà
32%
Stürmer Ivan Santini
29%
Verteidiger Rodrigo Conceicao
29%
Verteidiger Silvan Wallner
29%
Stürmer Armstrong Oko-Flex
26%
Stürmer Jonathan Okita
26%
Verteidiger Nikola Boranijasevic
26%
Stürmer Daniel Afriyie
21%
Goalie Alan Omerovic
18%
Verteidiger Selmin Hodza
18%
Mittelfeld Miguel Reichmuth
16%
Mittelfeld Nils Reichmuth
16%
Mittelfeld Arad Bar
11%
Verteidiger Ramon Guzzo
8%
Keine übereinstimmenden Quizze gefunden
Verteilung der Resultate
Anzahl Personen mit jedem Resultat
Perzentil nach korrekt beantworteten Fragen
Ihre Resultats-Entwicklung
Sie haben dieses Quiz noch nicht gespielt